| 000 | 00706nam a2200217 a 4500 | ||
|---|---|---|---|
| 001 | 000032743 | ||
| 003 | DO-SdBNP | ||
| 005 | 20210820093129.0 | ||
| 008 | 090907s19uu dr 000 0 spa d | ||
| 040 |
_aDO-SdBNP _bspa _cBNPHU |
||
| 082 |
_a390.097293 _bJ614s |
||
| 100 | 1 |
_aJiménez, Emilio R. _920005 |
|
| 245 | 1 | 0 |
_aSavia dominicana / _cR. Emilio Jiménez. |
| 260 |
_aSantiago de los Caballeros, República Dominicna , : _bEditorial el Diario, _c[197?]. |
||
| 300 |
_a189 p. ; _c21 cm. |
||
| 590 | _aInventariado, 2021 / DG | ||
| 650 | 4 |
_aLiteratura folclorica _zRepública Dominicana _920006 |
|
| 651 | 4 |
_aRepública Dominicana _xVida Social Y Costumbres _9405 |
|
| 910 | _aD/G | ||
| 942 |
_2ddc _cLBS1 |
||
| 999 |
_c32234 _d32234 |
||